Government at a glance: Latin America and the Caribean 2014 towards innovative public financial management

Salvato in:
Dettagli Bibliografici
Natura: Libro
Lingua:inglese
Pubblicazione: Paris OECD 2014
Soggetti:
Tags: Aggiungi Tag
Nessun Tag, puoi essere il primo ad aggiungerne!!

MARC

LEADER 00000nam a2200000 4500
001 0196757
005 20240315120702.5
020 |a 978-92-64-20947-3 
041 0 |a eng 
044 |a FR 
245 1 0 |a Government at a glance: Latin America and the Caribean 2014  |b towards innovative public financial management 
264 1 |a Paris  |b OECD  |c 2014 
300 |a 145 s. 
610 2 0 |a politika fiškálna 
610 2 0 |a rozpočty 
610 2 0 |a inovácia 
610 2 0 |a reformy 
610 2 0 |a financie verejné 
610 2 0 |a riadenie 
610 2 0 |a správa verejná 
610 2 0 |a príjmy 
610 2 0 |a výdavky 
610 2 0 |a zdroje prírodné 
610 2 0 |a sektor verejný 
610 2 0 |a zamestnanosť 
610 2 0 |a rozpočty verejné 
610 2 0 |a transparentnosť 
610 2 0 |a partnerstvo verejno-súkromné 
610 2 0 |a korupcia 
610 2 0 |a opatrenia 
610 2 0 |a Latinská Amerika 
610 2 0 |a Karibská oblasť 
610 2 0 |a 2014